[Event "57.SMM Deutschnofen/Alp-Klausen/Rk"]
[Site "?"]
[Date "2025.11.29"]
[Round "3.3"]
[White "Seebacher, Reinhard"]
[Black "Micheli, Carlo"]
[Result "1/2-1/2"]
[WhiteElo "1927"]
[BlackElo "2123"]
[PlyCount "87"]
[EventDate "2025.11.08"]

{[%evp 0,87,18,12,35,16,17,16,28,1,10,17,11,5,15,11,24,18,52,49,43,-6,-19,-42,-47,-27,-27,-40,-26,-22,-15,-37,-36,-49,-51,-47,-35,-50,-47,-48,-46,-51,-17,-5,29,-37,-17,6,0,0,5,0,39,49,49,23,40,51,61,28,31,31,25,22,22,28,20,22,34,15,18,27,15,0,69,45,41,33,15,34,34,21,5,12,15,10,15,15,15,14]} 1. d4 Nf6 2. Nc3 d5 3. Nf3 Bf5 4. Bf4 e6 5. e3 Bd6 6. Ne5 a6 7. Bd3 Bg6 8. O-O c5 9. dxc5 Bxc5 10. Ne2 Nbd7 11. Nd4 Nxe5 12. Bxe5 Bd6 13. Nf3 Bh5 14. Bxd6 Qxd6 15. Be2 Rc8 16. c3 O-O 17. h3 Rfd8 18. Qb3 Ne4 19. Rfd1 Nc5 20. Qb4 Rc6 21. Qh4 Bg6 22. Ne5 Rcc8 23. Nxg6 hxg6 24. c4 Qb6 25. cxd5 exd5 26. Qd4 Nd7 27. Bg4 Qxd4 28. Rxd4 f5 29. Bf3 Nf6 30. Rad1 Rc2 31. Rb4 Rd7 32. a4 Kf7 33. Rb6 Ke7 34. g4 Rc6 35. Rb4 Ke6 36. Rbd4 a5 37. b4 b6 38. bxa5 bxa5 39. Be2 Rc5 40. Rb1 Ne4 41. Bd3 Rdc7 42. Rb6+ R7c6 43. Rb7 Rc7 44. Rb6+ 1/2-1/2

[Event "57.SMM Deutschnofen/Alp-Klausen/Rk"]
[Site "?"]
[Date "2025.11.29"]
[Round "3.4"]
[White "Thurner, Markus"]
[Black "Schrott, Johann"]
[Result "1-0"]
[WhiteElo "1958"]
[BlackElo "1888"]
[PlyCount "87"]
[EventDate "2025.11.08"]

{[%evp 0,87,14,37,51,39,47,35,58,50,84,36,74,69,78,78,58,59,64,79,92,62,132,111,118,118,115,91,119,61,92,65,40,60,69,76,105,21,149,70,88,78,78,64,124,179,161,47,52,68,77,66,191,46,65,71,67,78,78,24,31,-1,99,115,130,127,266,128,208,148,163,122,132,127,121,126,68,-5,183,151,172,23,360,365,365,366,519,638,935,509]} 1. e4 c5 2. Nf3 Nc6 3. Bb5 d6 4. O-O Bg4 5. c3 a6 6. Bxc6+ bxc6 7. d4 cxd4 8. cxd4 Qb6 9. Nbd2 g6 10. h3 Bd7 11. Nc4 Qb5 12. b3 Bg7 13. a4 Qb8 14. a5 Nf6 15. Nb6 Ra7 16. Re1 O-O 17. Bf4 Nh5 18. Bh2 Qd8 19. Ra2 Re8 20. e5 Bf8 21. Rae2 d5 22. e6 Bxe6 23. Rxe6 fxe6 24. Ne5 Rc7 25. Nd3 Bg7 26. Nc5 e5 27. Ne6 Qd6 28. Nxc7 Qxc7 29. dxe5 Bh6 30. Qd3 Bf4 31. Qxa6 Bxh2+ 32. Kxh2 Nf6 33. f3 Rf8 34. b4 Nh5 35. Qd3 e6 36. Qe3 Qe7 37. Rb1 Qh4 38. f4 Nxf4 39. a6 Qe7 40. Rc1 Qa7 41. Nxd5 Qxe3 42. Nxe3 Nd5 43. Nxd5 cxd5 44. Rc6 1-0

[Event "57.SMM Deutschnofen/Alp-Klausen/Rk"]
[Site "?"]
[Date "2025.11.29"]
[Round "3.5"]
[White "Senn, Stefan"]
[Black "Tonina, Filippo"]
[Result "0-1"]
[WhiteElo "1650"]
[BlackElo "1964"]
[PlyCount "90"]
[EventDate "2025.11.08"]

{[%evp 0,90,26,-14,25,11,20,11,30,7,21,21,21,-34,-27,-25,-21,-7,-13,-35,-8,-15,-7,-5,-6,-4,-19,-24,-18,-84,-105,-104,-110,-147,-176,-172,-172,-168,-130,-147,-154,-175,-172,-172,-167,-171,-171,-127,-170,-178,-181,-169,-172,-185,-59,-204,-170,-198,-197,-198,-213,-366,-310,-389,-368,-386,-388,-451,-622,-696,-755,-750,-794,-814,-882,-929,-506,-506,-516,-516,-527,-527,-474,-460,-459,-612,-481,-582,-629,-29975,-29978,-29985,-29988]} 1. c4 d6 2. g3 e5 3. Bg2 f5 4. d3 Nf6 5. Nc3 Be7 6. Nd5 Nxd5 7. cxd5 O-O 8. Nf3 Nd7 9. O-O a5 10. Qc2 Bf6 11. e4 Nc5 12. Be3 b6 13. a3 a4 14. Rab1 Ba6 15. Bxc5 fxe4 16. Ne1 exd3 17. Nxd3 bxc5 18. Rfe1 Bg5 19. Re4 Qf6 20. f3 Qh6 21. Rbe1 Bb5 22. h4 Bd2 23. R1e2 Ba5 24. Kh2 Bb6 25. Rg4 Bd7 26. Rc4 Rf7 27. Rf2 Raf8 28. f4 Bb5 29. Bh3 Kh8 30. f5 Bxc4 31. Qxc4 Qe3 32. Rf1 g6 33. g4 gxf5 34. gxf5 Rg7 35. Bg4 e4 36. Nf2 Qf4+ 37. Kh1 Rxg4 38. Nxg4 Qxg4 39. Qc3+ Qg7 40. f6 Qg4 41. f7+ Qg7 42. Qc2 Qd4 43. Rd1 Qe3 44. Rf1 Qh3+ 45. Kg1 c4+ 0-1

[Event "57.SMM Deutschnofen/Alp-Klausen/Rk"]
[Site "?"]
[Date "2025.11.29"]
[Round "3.6"]
[White "Welsch, Ulrich"]
[Black "Kircher, Kevin"]
[Result "1-0"]
[WhiteElo "1859"]
[BlackElo "1672"]
[PlyCount "77"]
[EventDate "2025.11.08"]

{[%evp 0,77,37,16,22,-21,-19,-20,16,9,37,48,52,48,49,79,67,51,70,74,75,43,55,54,53,44,40,41,50,52,66,65,64,76,85,85,98,90,111,100,121,114,117,110,111,111,157,114,159,144,149,141,170,106,118,110,267,324,324,353,418,471,562,556,1145,1392,1398,1456,1456,1529,1628,1330,1330,425,29995,29996,29997,29998,29999,29998]} 1. d4 Nf6 2. g3 d5 3. Bg2 g6 4. c4 e6 5. Nc3 dxc4 6. Qa4+ c6 7. Qxc4 Bg7 8. Bg5 Nbd7 9. Nf3 h6 10. Bxf6 Nxf6 11. O-O O-O 12. e4 a5 13. Rfd1 Qe7 14. Rac1 Bd7 15. Ne5 Rfc8 16. Qb3 Rab8 17. Na4 b5 18. Nc5 Be8 19. f4 Nd7 20. Nexd7 Bxd7 21. e5 Be8 22. Ne4 Kh8 23. Qf3 Bd7 24. h4 h5 25. Rc5 Bf8 26. Nf6 Rb6 27. g4 hxg4 28. Qxg4 Bg7 29. Qg5 Bxf6 30. exf6 Qf8 31. h5 Kh7 32. hxg6+ fxg6 33. Kf2 Be8 34. Rh1+ Kg8 35. Qh4 Kf7 36. Be4 Qd6 37. Bxg6+ Kxg6 38. Qg5+ Kf7 39. Rh7+ 1-0

[Event "57.SMM ASD Arci BZ 2-CSK Merania"]
[Site "?"]
[Date "2025.11.29"]
[Round "3.1"]
[White "De Santis, Alessio"]
[Black "Bodrov, Timofey"]
[Result "1/2-1/2"]
[WhiteElo "2134"]
[BlackElo "2110"]
[PlyCount "91"]
[EventDate "2025.??.??"]

{[%evp 0,91,19,-31,-19,-35,15,-28,-19,-39,-35,-22,-26,-30,-30,-34,6,10,4,-3,6,-1,-5,-5,-16,-12,-20,-28,-19,-4,-20,-15,39,36,75,65,60,65,65,39,62,48,34,35,39,4,6,6,0,0,34,18,-2,-54,0,0,0,0,-6,21,39,44,37,37,32,25,40,46,188,135,152,139,132,95,183,152,162,174,204,190,169,190,211,129,211,185,202,180,215,105,93,94,90,101]} 1. b3 Nf6 2. Bb2 g6 3. Bxf6 exf6 4. c4 d5 5. cxd5 Qxd5 6. Nc3 Qa5 7. a3 c6 8. Nf3 f5 9. g3 Bd6 10. Bg2 Nd7 11. e3 Nf6 12. O-O O-O 13. b4 Qd8 14. d4 Re8 15. Nd2 h5 16. b5 cxb5 17. Nxb5 Bb8 18. Qc2 a6 19. Nc3 h4 20. Rfd1 Ra7 21. Rac1 b5 22. Ne2 Bd7 23. Nb3 hxg3 24. hxg3 Ng4 25. Qd3 Qg5 26. Nf4 Bxf4 27. exf4 Qh5 28. d5 b4 29. Nd4 Qh2+ 30. Kf1 bxa3 31. Nf3 Qh5 32. Qxa3 Bb5+ 33. Kg1 Re2 34. Rc8+ Re8 35. Rxe8+ Bxe8 36. Rc1 Bd7 37. Qe7 Rb7 38. d6 Qh8 39. Qd8+ Kg7 40. Qxh8+ Kxh8 41. Ng5 Ra7 42. Nxf7+ Kg7 43. Ne5 Kf6 44. Nxd7+ Rxd7 45. Rc6 Ke6 46. Rxa6 1/2-1/2

[Event "57.SMM ASD Arci BZ 2-CSK Merania"]
[Site "?"]
[Date "2025.11.29"]
[Round "3.2"]
[White "Perli, Tommaso"]
[Black "Bonagura, Stefano"]
[Result "0-1"]
[WhiteElo "1958"]
[BlackElo "2160"]
[PlyCount "102"]
[EventDate "2025.??.??"]

{[%evp 0,102,38,30,23,-10,-10,-15,12,16,19,-8,-10,-2,13,4,5,7,19,41,21,21,24,5,13,-6,48,44,87,23,19,19,14,14,41,0,0,0,24,-9,7,8,8,-72,-68,-55,-55,-48,-48,-45,-47,-41,-11,-5,0,-42,-57,-80,-71,-78,-74,-86,-57,-77,-66,-77,-75,-84,-85,-116,-116,-109,-94,-92,-97,-133,-142,-143,-145,-147,-133,-143,-127,-143,-145,-141,-158,-138,-139,-148,-158,-165,-170,-204,-133,-180,-138,-151,-151,-342,-338,-422,-453,-692,-695]} 1. Nf3 d5 2. g3 Nf6 3. Bg2 e6 4. O-O c5 5. d4 Nc6 6. c4 dxc4 7. dxc5 Qxd1 8. Rxd1 Bxc5 9. Nbd2 c3 10. bxc3 O-O 11. Nb3 Be7 12. Nfd4 Nd5 13. Nxc6 bxc6 14. Bd2 Ba6 15. e4 Nb6 16. Be3 Na4 17. Rac1 Ba3 18. Rc2 Rfd8 19. Rd4 e5 20. Rxd8+ Rxd8 21. Rd2 Rxd2 22. Bxd2 Bb2 23. Na5 c5 24. c4 Nc3 25. Be3 Ba3 26. Bf1 Nxa2 27. Nc6 Nc3 28. Nxa7 Nxe4 29. Nb5 Bb4 30. Bd3 Nf6 31. Bg5 Nd7 32. Bd8 Bb7 33. Nd6 Bf3 34. Nf5 e4 35. Bc2 Ne5 36. Nd6 Nd3 37. Bg5 f6 38. Be3 g6 39. Ba4 Ne5 40. h3 Kf8 41. Bb5 Ke7 42. Nc8+ Ke6 43. Nb6 Be2 44. h4 g5 45. hxg5 fxg5 46. Kg2 Kf5 47. Nc8 h5 48. Nd6+ Ke6 49. Nxe4 Bf3+ 50. Kg1 Bxe4 51. Bxg5 Nf3+ 0-1

[Event "57.SMM ASD Arci BZ 2-CSK Merania"]
[Site "?"]
[Date "2025.11.29"]
[Round "3.3"]
[White "Zuev, Mikhail"]
[Black "Terletskyi, Oleh Mykola"]
[Result "1-0"]
[WhiteElo "1917"]
[BlackElo "1913"]
[PlyCount "81"]
[EventDate "2025.??.??"]

{[%evp 0,81,31,34,23,-17,35,10,14,-15,5,-11,13,10,37,22,77,78,99,61,62,39,49,35,52,-23,-15,-18,-10,-113,-136,-166,-131,-148,-37,-101,-99,-82,-79,-82,-65,-68,-69,-134,26,-118,-67,-58,77,45,126,133,142,-33,47,-33,-33,-57,-31,-31,67,2,24,-28,0,-61,-61,-41,0,0,290,290,184,184,228,0,0,0,293,284,1103,1587,1985,2081]} 1. d4 Nf6 2. c4 g6 3. h4 d6 4. Nc3 Bg7 5. e4 c5 6. d5 h6 7. Be2 b5 8. cxb5 a6 9. Qc2 O-O 10. Be3 Ng4 11. Bxg4 Bxg4 12. h5 g5 13. f3 Bd7 14. g4 axb5 15. Nh3 Na6 16. Qd2 c4 17. Ne2 Nc5 18. O-O Qa5 19. Qc2 Nd3 20. Nd4 Nb4 21. Qg2 Nxa2 22. Kh1 Qc7 23. f4 Bxd4 24. Bxd4 f6 25. fxg5 hxg5 26. Qd2 b4 27. Nxg5 c3 28. Qe3 cxb2 29. Bxb2 Qc2 30. Rf2 Qc4 31. Nf3 Nc3 32. Rxa8 Rxa8 33. Nd2 Qc5 34. Qh6 Be8 35. Rg2 Qd4 36. g5 f5 37. exf5 Qh4+ 38. Kg1 Qe1+ 39. Nf1 Bb5 40. g6 Qxf1+ 41. Kh2 1-0

[Event "57.SMM ASD Arci BZ 2-CSK Merania"]
[Site "?"]
[Date "2025.11.29"]
[Round "3.4"]
[White "Addante, Francesco"]
[Black "Battiston, Claudio"]
[Result "1-0"]
[WhiteElo "1874"]
[BlackElo "1878"]
[PlyCount "119"]
[EventDate "2025.??.??"]

{[%evp 0,119,30,23,15,-10,15,-31,-32,-20,-20,-20,-13,-6,10,10,41,44,43,38,47,40,42,59,50,31,108,71,76,75,66,64,86,43,66,55,81,44,60,27,37,2,-3,0,38,38,69,67,87,67,70,53,53,37,36,32,60,22,29,32,19,16,19,14,13,0,0,12,-13,-17,63,-2,7,-11,7,7,-3,0,16,-15,-17,-56,-57,-65,-65,-114,0,-92,-104,-160,-133,-160,-97,-92,-96,-96,-96,-79,-116,-133,-111,-175,192,257,236,236,247,247,247,146,138,174,206,210,247,247,256,329,1166,1241,29993,29994]} 1. Nf3 Nf6 2. g3 g6 3. b3 Bg7 4. Bb2 d6 5. d4 O-O 6. Bg2 c6 7. O-O Nbd7 8. Nbd2 Qc7 9. e4 e5 10. dxe5 dxe5 11. Qe2 Re8 12. Rad1 Nf8 13. Rfe1 Bg4 14. h3 Bxf3 15. Nxf3 Nh5 16. Nh4 Nf6 17. Nf3 Nh5 18. Nh4 Nf6 19. Qf3 Rad8 20. Bf1 Ne6 21. Qe3 a6 22. Nf3 Nh5 23. Bc4 b5 24. Bxe6 Rxe6 25. Ba3 Ree8 26. Bc5 Rxd1 27. Rxd1 Rd8 28. Rd3 Rxd3 29. Qxd3 Bf8 30. Bxf8 Kxf8 31. Qc3 f6 32. Kg2 Ng7 33. Ne1 Ne6 34. Nd3 a5 35. a3 Kf7 36. Qd2 Qd8 37. Qc3 Qc7 38. h4 Qb6 39. b4 a4 40. h5 gxh5 41. Qd2 Qd4 42. Qe2 Kg6 43. f4 exf4 44. gxf4 Kg7 45. Kh2 Qc3 46. e5 fxe5 47. Qg2+ Kf8 48. fxe5 Nd4 49. Qf2+ Ke8 50. Kh1 Nxc2 51. e6 Qa1+ 52. Kh2 Qg7 53. Qxc2 Qc7+ 54. Kh1 Qd6 55. Nc5 Qd5+ 56. Qe4 Qd1+ 57. Kg2 Qd2+ 58. Kh3 Qd6 59. Qxh7 Qxe6+ 60. Nxe6 1-0

[Event "57.SMM ASD Arci BZ 2-CSK Merania"]
[Site "?"]
[Date "2025.11.29"]
[Round "3.5"]
[White "Wild, Alex"]
[Black "Puechler, Ruben"]
[Result "1-0"]
[WhiteElo "1763"]
[BlackElo "1842"]
[PlyCount "109"]
[EventDate "2025.??.??"]

{[%evp 0,109,23,14,18,24,47,-5,45,18,40,24,38,8,10,14,43,1,1,-11,-17,-19,-8,-10,-9,-9,30,0,7,-37,-14,-16,17,-3,-3,0,11,21,13,14,25,36,44,60,65,66,73,23,37,34,30,48,40,19,63,50,115,52,63,62,71,71,83,108,115,75,124,142,159,155,162,180,174,174,193,200,201,179,184,189,197,197,205,212,211,215,218,230,249,246,258,258,259,253,266,289,298,298,298,319,319,319,298,335,326,404,767,1065,1065,1092,1092,1111]} 1. e4 e5 2. Nf3 Nf6 3. Nxe5 d6 4. Nf3 Nxe4 5. Qe2 Qe7 6. d3 Nf6 7. Bg5 Nc6 8. Bxf6 gxf6 9. Nc3 Be6 10. O-O-O O-O-O 11. Kb1 d5 12. d4 Qb4 13. Qb5 a6 14. Qa4 h5 15. h3 Bf5 16. a3 Qxa4 17. Nxa4 b5 18. Nc3 Kb7 19. Nh4 Bg6 20. Bd3 Rg8 21. g3 b4 22. axb4 Bxb4 23. Bf5 Ne7 24. Bd3 Bxc3 25. bxc3 Rd6 26. Ka2 Ka7 27. Rhe1 Nc6 28. Nf5 Bxf5 29. Bxf5 Rb8 30. Rb1 Rdd8 31. Rxb8 Rxb8 32. Rb1 Rxb1 33. Kxb1 Ne7 34. Bd3 Kb6 35. Be2 h4 36. gxh4 Nf5 37. h5 a5 38. Bg4 Nh6 39. Bf3 c6 40. Kb2 Kb5 41. Be2+ Kb6 42. Kb3 f5 43. c4 dxc4+ 44. Bxc4 f4 45. Bd3 Ng8 46. c4 c5 47. d5 Nh6 48. Bh7 f6 49. Bg6 Ng8 50. Bf7 Nh6 51. Be6 Kc7 52. Ka4 Kb6 53. d6 Kc6 54. d7 Kc7 55. Kxa5 1-0

[Event "57.SMM ASD Arci BZ 2-CSK Merania"]
[Site "?"]
[Date "2025.11.29"]
[Round "3.6"]
[White "Mantuano, Nathan"]
[Black "Franceschini, Christoph"]
[Result "1-0"]
[WhiteElo "1650"]
[BlackElo "1743"]
[PlyCount "89"]
[EventDate "2025.??.??"]

{[%evp 0,89,23,18,76,74,74,30,17,-14,-14,-14,-7,-5,73,80,169,113,255,258,278,232,232,208,201,211,310,432,407,407,411,311,323,309,292,293,292,301,290,293,342,302,317,317,307,311,293,290,289,190,194,194,225,195,243,249,264,240,255,255,251,251,262,263,269,270,307,219,215,238,225,223,239,217,215,217,411,420,442,476,518,607,964,989,1193,1222,1222,1249,1249,1272,1289,1289]} 1. e4 c6 2. d4 d5 3. f3 dxe4 4. fxe4 e5 5. Nf3 exd4 6. Bc4 Qe7 7. O-O Nd7 8. Ng5 Ne5 9. Bxf7+ Kd8 10. Qxd4+ Qd6 11. Rd1 Qxd4+ 12. Rxd4+ Kc7 13. Bf4 Bd6 14. Rxd6 Kxd6 15. Bxg8 Rxg8 16. Nf7+ Ke7 17. Nxe5 Be6 18. Nc3 g5 19. Be3 Rad8 20. a3 Kf6 21. Nf3 g4 22. Nd4 Ke5 23. Nxe6 Kxe6 24. Rd1 Rxd1+ 25. Nxd1 a5 26. Kf2 Rd8 27. Ke2 Ke5 28. Nc3 b5 29. Bb6 Ra8 30. Ke3 a4 31. Bd4+ Ke6 32. Kf4 Rd8 33. Ke3 Rf8 34. Ne2 Rf1 35. Nf4+ Kf7 36. e5 Re1+ 37. Kd3 c5 38. e6+ Ke8 39. Bxc5 Re5 40. Kd4 Rf5 41. Nd5 Rf2 42. Nc7+ Kd8 43. e7+ Kxc7 44. e8=Q Rd2+ 45. Kc3 1-0

[Event "57.SMM B Tramin/Kaltern 2-Gröden 2"]
[Site "Kaltern"]
[Date "2025.11.29"]
[Round "3.1"]
[White "Alam, Syed Mabubul"]
[Black "Unterkofler, Alex"]
[Result "1-0"]
[WhiteElo "1947"]
[BlackElo "1869"]
[PlyCount "95"]
[EventDate "2025.??.??"]

1. e4 c6 2. d4 d5 3. exd5 cxd5 4. Nf3 Nf6 5. Bd3 Nc6 6. c3 Bg4 7. h3 Bh5 8. Bf4 Qb6 9. b3 e6 10. O-O Be7 11. Nbd2 Rc8 12. Re1 O-O 13. b4 Bg6 14. Bxg6 hxg6 15. Ne5 Nxe5 16. dxe5 Ne4 17. Nxe4 dxe4 18. Be3 Qb5 19. Bd4 Rfd8 20. Qb3 Qd5 21. Qb1 Rc4 22. a3 a5 23. Qxe4 Qxe4 24. Rxe4 axb4 25. axb4 Bxb4 26. Ra4 Rdxd4 27. Rxd4 Rxd4 28. cxd4 Bc3 29. Kf1 b5 30. Ra8+ Kh7 31. Rd8 g5 32. g4 b4 33. Ke2 Kg6 34. Kd3 f6 35. Ke4 Kf7 36. Rd7+ Kf8 37. f3 Kg8 38. Re7 fxe5 39. dxe5 b3 40. Rxe6 Kf7 41. Rb6 b2 42. f4 gxf4 43. Kxf4 Bd2+ 44. Kf5 g6+ 45. Ke4 Bc3 46. Kd5 Ke7 47. Rb7+ Ke8 48. Rb3 1-0

[Event "57.SMM B Tramin/Kaltern 2-Gröden 2"]
[Site "Kaltern"]
[Date "2025.11.29"]
[Round "3.3"]
[White "Scola, Matteo"]
[Black "Martinelli, Michele"]
[Result "1-0"]
[WhiteElo "1773"]
[BlackElo "1811"]
[PlyCount "63"]
[EventDate "2025.??.??"]

{[%evp 0,63,45,35,64,64,87,72,68,41,29,29,26,20,42,35,61,39,57,36,57,65,57,34,138,147,133,125,158,94,214,174,213,225,291,166,166,363,380,399,585,553,539,555,555,608,602,602,713,476,571,697,661,748,765,706,846,607,690,764,790,817,713,833,960,1022]} 1. e4 d6 2. d4 g6 3. Be3 Bg7 4. Ne2 Nf6 5. f3 O-O 6. Qd2 Re8 7. Nbc3 b6 8. g4 h5 9. h3 Bb7 10. O-O-O Na6 11. Bg5 hxg4 12. hxg4 c5 13. Bh6 Bh8 14. Be3 e5 15. d5 Nc7 16. Ng3 a6 17. Bg5 b5 18. Bxb5 Nxb5 19. Rxh8+ Kxh8 20. Qh2+ Kg8 21. Rh1 Kf8 22. Qh8+ Ng8 23. Bxd8 Rexd8 24. Na4 Rab8 25. Rh7 Ke7 26. Qg7 Rf8 27. Qxg6 Ke8 28. Qg5 Ne7 29. Nb6 a5 30. Nc4 a4 31. Qf6 Rd8 32. Nh5 1-0

[Event "57.SMM B J.Richter/L 2-Brixen/Milland 2"]
[Site "?"]
[Date "2025.11.29"]
[Round "3.2"]
[White "Pangrazzi, Marco"]
[Black "Bardhi, Marjo"]
[Result "1-0"]
[WhiteElo "2156"]
[BlackElo "1692"]
[PlyCount "66"]
[EventDate "2025.??.??"]

{[%evp 0,66,19,29,40,50,90,49,55,29,36,30,80,58,40,39,41,19,32,10,36,28,24,24,35,24,46,10,82,108,144,111,113,101,234,234,345,149,162,167,185,106,108,120,123,167,181,91,145,208,598,595,583,607,760,765,874,919,919,995,995,1024,1075,908,29985,673,29993,29994,29995]} 1. e4 c5 2. Nf3 d6 3. d4 cxd4 4. Nxd4 Nf6 5. Nc3 g6 6. Be3 Bg7 7. f3 O-O 8. Qd2 Nc6 9. g4 Be6 10. Nxe6 fxe6 11. Be2 Qc8 12. f4 Nd7 13. O-O-O a6 14. e5 d5 15. h4 b5 16. g5 b4 17. Nxd5 Ndxe5 18. fxe5 exd5 19. Qxd5+ e6 20. Qb3 Nxe5 21. Rd6 Re8 22. Rhd1 Nf7 23. Rd7 a5 24. Bb5 Rd8 25. Qxe6 Rxd7 26. Rxd7 Qe8 27. Re7 Qf8 28. Bc4 Kh8 29. Rxf7 Qe8 30. Re7 Qf8 31. Qe4 Rc8 32. Bd4 Rxc4 33. Bxg7+ Qxg7 1-0

[Event "57.SMM B J.Richter/L 2-Brixen/Milland"]
[Site "?"]
[Date "2025.11.29"]
[Round "3.5"]
[White "Gamper, Moritz"]
[Black "Mumelter, Erwin"]
[Result "1-0"]
[WhiteElo "1570"]
[BlackElo "1744"]
[PlyCount "39"]
[EventDate "2025.??.??"]

{[%evp 0,39,22,23,73,63,71,64,68,64,46,24,8,19,28,4,18,12,50,59,55,63,134,64,141,178,196,196,201,198,198,183,187,178,173,168,235,239,256,280,764,775]} 1. d4 f5 2. Bf4 Nf6 3. e3 e6 4. Nf3 Be7 5. g3 b6 6. Be2 Nc6 7. O-O Bb7 8. c4 d5 9. Nc3 a6 10. Rc1 Bd6 11. Bg5 h6 12. Bxf6 gxf6 13. cxd5 exd5 14. Nh4 Ne7 15. Bh5+ Kd7 16. Qf3 Kc8 17. Nxf5 Nxf5 18. Qxf5+ Qd7 19. Qxf6 Kb8 20. Qxh8+ 1-0

[Event "57.SMM B ASD Arci BZ 3-Sterzing/Ridnaun"]
[Site "?"]
[Date "2025.11.29"]
[Round "3.1"]
[White "Haller, Quentin"]
[Black "Niederstätter, Harald"]
[Result "1-0"]
[WhiteElo "2082"]
[BlackElo "1876"]
[PlyCount "39"]
[EventDate "2025.??.??"]
[SourceVersionDate "2025.12.06"]

{[%evp 0,39,23,23,19,27,29,0,45,3,-7,5,-1,-3,41,23,41,-40,-44,-50,-10,-15,-6,0,-4,12,0,-2,106,106,146,162,199,105,199,179,187,187,404,409,482,493]} 1. d4 d5 2. Nf3 e6 3. c4 c6 4. g3 dxc4 5. Bg2 Nd7 6. O-O b5 7. a4 Bb7 8. b3 cxb3 9. Qxb3 a6 10. Rd1 Ngf6 11. Ne5 Nxe5 12. dxe5 Nd7 13. Nc3 Qc7 14. axb5 Be7 15. bxa6 Rxa6 16. Rb1 Nc5 17. Nb5 Qa5 18. Qc4 O-O 19. Nd6 Ba8 20. Bd2 1-0

[Event "57.SMM B ASD Arci BZ 3-Sterzing/Ridnaun"]
[Site "?"]
[Date "2025.11.29"]
[Round "3.5"]
[White "Demozzi, Daniel"]
[Black "De Nisi, Roberta"]
[Result "1-0"]
[WhiteElo "1765"]
[BlackElo "1844"]
[PlyCount "67"]
[EventDate "2025.??.??"]
[SourceVersionDate "2025.12.06"]

{[%evp 0,67,27,27,61,45,42,-5,-4,2,19,31,34,31,42,16,58,59,54,50,133,114,102,85,101,95,102,102,165,171,168,134,176,104,114,126,178,156,155,133,198,202,225,192,291,190,243,256,268,249,249,311,302,287,402,509,903,449,553,553,757,810,1044,1550,1550,1184,29997,29998,29999,-30000]} 1. d4 f5 2. h3 Nf6 3. g4 d6 4. Nc3 Nc6 5. d5 Ne5 6. f4 Nf7 7. Qd3 g6 8. gxf5 gxf5 9. Nf3 e5 10. dxe6 Bxe6 11. Nd4 Bd7 12. Nxf5 Bxf5 13. Qxf5 c6 14. Be3 Be7 15. O-O-O Qd7 16. Qa5 Bd8 17. Qa3 Qf5 18. Bg2 Rg8 19. Bf3 Qa5 20. Qb3 Qc7 21. Bd4 d5 22. e3 Be7 23. Rhg1 Rg6 24. Rxg6 hxg6 25. Rg1 Nh8 26. h4 b6 27. h5 Kf7 28. Bxf6 Kxf6 29. Bxd5 Bc5 30. Ne4+ Kg7 31. Qc3+ Kh6 32. hxg6 cxd5 33. Rh1+ Kxg6 34. Qf6# 1-0

[Event "57.SMM B Team Sparkasse-SC Taufers"]
[Site "?"]
[Date "2025.11.29"]
[Round "3.4"]
[White "Valente, Luca"]
[Black "Haidacher, Gerold"]
[Result "1-0"]
[WhiteElo "1883"]
[BlackElo "1861"]
[PlyCount "100"]
[EventDate "2025.??.??"]
[SourceVersionDate "2025.12.06"]

{[%evp 0,100,19,31,72,53,43,25,26,-13,8,5,9,12,-3,-3,39,32,39,44,36,65,81,65,90,85,72,81,81,39,99,82,101,56,70,71,81,73,73,31,66,-44,-3,-48,42,48,48,-30,57,-18,32,9,33,-7,-8,22,33,55,60,25,43,-6,46,46,50,48,42,49,46,46,38,16,44,38,88,84,79,140,96,234,267,240,287,307,314,308,335,327,294,294,337,277,443,462,1001,658,666,766,1297,1753,1851,29980,29981]} 1. e4 c5 2. Nf3 e6 3. d3 Nc6 4. g3 d5 5. Qe2 d4 6. e5 Nge7 7. Bg2 Qc7 8. O-O Ng6 9. Re1 a6 10. a4 Be7 11. h4 Bd8 12. Nbd2 Nge7 13. Nc4 O-O 14. h5 Nd5 15. h6 g6 16. Bh3 Be7 17. a5 b5 18. axb6 Nxb6 19. Ncd2 Nb4 20. Nf1 Bb7 21. N1h2 N6d5 22. Bg5 Rac8 23. Rac1 Qd8 24. Bd2 Nc6 25. c4 Ndb4 26. Bf4 Kh8 27. Ng4 Nb8 28. Bg2 Bc6 29. Nfh2 Nd7 30. Be4 Rg8 31. Nf3 Rf8 32. Qd2 Bxe4 33. Rxe4 Rc6 34. Rd1 Rb6 35. Ra1 Re8 36. Ng5 Bxg5 37. Bxg5 Qb8 38. Qf4 f5 39. exf6 Qxf4 40. Rxf4 Nxd3 41. f7 Rf8 42. Rf3 e5 43. Rxd3 Rxf7 44. Rda3 Rf5 45. f4 e4 46. Rxa6 Rxb2 47. Ra8+ Nb8 48. Nf6 e3 49. R1a7 Rxf6 50. Bxf6+ Kg8 1-0

[Event "57.SMM B Team Sparkasse-SC Taufers"]
[Site "?"]
[Date "2025.11.29"]
[Round "3.5"]
[White "Kugler, Walter"]
[Black "Ratschiller, Manuel"]
[Result "1/2-1/2"]
[WhiteElo "1766"]
[BlackElo "1808"]
[PlyCount "90"]
[EventDate "2025.??.??"]
[SourceVersionDate "2025.12.06"]

{[%evp 0,90,28,34,47,50,21,37,31,11,25,-60,-40,-62,-58,-67,-26,-35,-43,-100,-56,-48,-61,-102,-23,-32,-27,-22,-7,-17,2,-20,-28,-10,-34,-30,-46,-33,-35,-75,-61,-80,-81,-101,-88,-83,-99,-112,-89,-107,-107,-148,-87,-108,-97,-97,-107,-113,-88,-93,-88,-84,-84,-84,-70,-73,-72,-72,-72,-74,-71,-75,-71,-108,-34,-85,-87,-80,-75,-84,-84,-80,-75,-63,-48,-63,-30,-59,-59,-63,-46,-55,-56]} 1. e4 e6 2. d4 d5 3. exd5 exd5 4. Bd3 Bd6 5. f4 Nf6 6. Nf3 O-O 7. O-O Nc6 8. c3 Ne7 9. b4 Re8 10. Ne5 Bf5 11. Be3 Bxd3 12. Qxd3 Ne4 13. Nd2 Nxd2 14. Bxd2 a5 15. a3 f6 16. Ng4 Qd7 17. Qg3 Kh8 18. Qf3 c6 19. Rae1 axb4 20. cxb4 Nf5 21. Qd3 Be7 22. Ne3 Nd6 23. Bc1 f5 24. Kh1 Bf6 25. Nc2 Rxe1 26. Rxe1 Re8 27. Rxe8+ Qxe8 28. Qe3 Qxe3 29. Bxe3 Nc4 30. Bc1 b5 31. Kg1 Kg8 32. Kf2 Kf7 33. Kf3 h6 34. g3 g5 35. h3 Kg6 36. Kg2 gxf4 37. gxf4 Bh4 38. Kf3 Bf6 39. Kg3 Nd6 40. Be3 Ne4+ 41. Kf3 Kh5 42. Ne1 Nc3 43. Nc2 Kh4 44. Kg2 Nd1 45. Bg1 Kh5 1/2-1/2

[Event "57.SMM B Naturns-Merania 2"]
[Site "Naturns, ITA"]
[Date "2025.11.29"]
[Round "3.3"]
[White "Gleridis, Alexandros"]
[Black "Nägele, Raimund"]
[Result "1-0"]
[WhiteElo "1733"]
[BlackElo "1716"]
[PlyCount "49"]
[EventDate "2025.??.??"]

{[%evp 0,49,19,31,76,76,67,20,3,5,-35,5,5,13,11,10,306,343,363,391,420,354,347,314,352,302,308,258,381,379,404,401,407,378,389,397,446,427,461,446,520,432,439,445,445,468,509,509,554,547,647,526]} 1. e4 c6 2. d4 d5 3. f3 dxe4 4. fxe4 e5 5. Nf3 exd4 6. Bc4 b5 7. Bb3 c5 8. Bd5 Nf6 9. Bxa8 Be7 10. O-O O-O 11. Qd3 Qb6 12. Kh1 Na6 13. c3 dxc3 14. Nxc3 c4 15. Qe2 Nc7 16. Nd5 Ncxd5 17. Bxd5 Bg4 18. Be3 Qc7 19. a4 b4 20. Rac1 c3 21. bxc3 bxc3 22. Qd3 Rc8 23. Bd4 Nxd5 24. exd5 c2 25. Rf2 1-0